Nature's nanostructures (Record no. 184618)

MARC details
000 -LEADER
fixed length control field 00433nam a22001577a 4500
020 ## - INTERNATIONAL STANDARD BOOK NUMBER
ISBN 978-981-4316-82-8
041 ## - LANGUAGE CODE
Language code of text/sound track or separate title eng
082 ## - DEWEY DECIMAL CLASSIFICATION NUMBER
Edition number 23rd.
Classification number 620.115
Item number NAT
245 ## - TITLE STATEMENT
Title Nature's nanostructures
Statement of responsibility, etc edited by Amanda S. Barnard
260 ## - PUBLICATION, DISTRIBUTION, ETC. (IMPRINT)
Place of publication Singapoe
Name of publisher Pan Stanford Publishing
Year of publication 2012
300 ## - PHYSICAL DESCRIPTION
Number of Pages xviii,553p.;
Dimensions 23rd.
650 ## - SUBJECT ADDED ENTRY--TOPICAL TERM
Topical Term Nanostructured materials
856 ## - ELECTRONIC LOCATION AND ACCESS
Uniform Resource Identifier www.panstanford.com
942 ## - ADDED ENTRY ELEMENTS (KOHA)
Koha item type Books
Holdings
Withdrawn status Lost status Damaged status Collection code Home library Current library Shelving location Date acquired Full call number Accession Number Koha item type
      NANO TECHNOLOGY North Eastern Hill University North Eastern Hill University General Stacks 10/04/2026 620.115 NAT 330572 Books